000 00693nam a2200217Ia 4500
005 20250508160147.0
008 008 250505s9999 xx 000 0 eng d
037 _aBooks to be hide in OPAC
040 _aFEDL
_beng
_cFEDL
041 _aeng
_2eng
084 _qFEDL
100 _aJudd Charles Hubhard
_9768008
245 0 _aProblems involved in standardizing state normal schools
245 0 _cDepartment of the Interior. Education, (Bureau of ...)
260 _aWashington, USA
_bU.S. Government Printing Office
_c1916
300 _a141p
546 _aBulletin, 1916, No 12; Weeded out
700 _a Parker Samuel Chester
_9768009
942 _cHB
999 _c1362311
_d1362311